00382nam a2200157Ia 45000010006000000050017000060080041000230410008000640820016000721000028000882450055001162600009001713000028001806500008002086540008002161706420260306170357.0260306t2004||||xx |||||||||||||| ||und|| aESP a657.45bB61 aBlanco Luna, YaneleAUT 0aNormas y procedimientos de la auditoría integral c2004 a324 páginas :c24 cm. aGEN aCCO